Culture Générale - Série 171 - Statistiques

Statistiques générales
  • Ce quiz a été pris 317 fois
  • Le résultat moyen est 6 sur 10
Statistiques - réponses
Question Réponse % Correct
Traditionnellement, à quel parfum est la glace dans une poire Belle-Hélène ? Vanille
88%
Dans le parc de quel château peut-on visiter le Grand Trianon ? Versailles
88%
En 1983, dans quel clip M. Jackson se transforme-t-il en mort-vivant ? Thriller
84%
Quelle est la racine carrée de 144 ? 12
83%
En plus du rhum et de la bière, que réclamait Soldat Louis en 1988 ? Des femmes
67%
De quelle couleur sont les draps de "La Groupie du pianiste" ? Roses
61%
Comment s'appelle la gare principale de Bordeaux ? Saint-Jean
36%
Quelle rubrique Alain Chabat a-t-il présentée à ses débuts à la télé ? La météo
31%
Quel est le prénom du personnage joué par Bruno Solo dans "Caméra café" ? Hervé
27%
Dans quel film Tom Hanks joue-t-il un enfant de 12 ans qui en paraît 30 ? Big
19%
Aucun quiz correspondant
Distribution des résultats
% des personnes avec chaque résultat
Percentile par nombre de réponses
Votre historique - résultats
Vous n’avez pas pris ce quiz